000
00263nam a22001217a 4500
020
_a
2871050058
040
_c
DLC
082
_a
635 DUP 1987 C289 Or.1
100
_a
Dupriez, Hugues
245
_a
Jardins et vergers d'Afrique
260
_c
1987
942
_c
AEDBB
999
_c
22412
_d
22412